000 00629nam a22001697a 4500
008 161124b xxu||||| |||| 00| 0 eng d
040 _aKABU
_cKABU
050 _aHF5415.525
_b.M84 2013 c. 1
100 _aMuganda, David Asena
245 _aEffects of customer loyalty schemes and retail mix on competitiveness of supermarkets in Nakuru town
_cDavid Asena Muganda
250 _a1st ed.
260 _aNakuru, Kenya
_bKabarak University
_c2013
300 _axi, 62 p.
_eCD-ROM
700 _aWaiganjo, Maina
700 _aOtuya, Robert
942 _2lcc
_cTHE
_e1st ed.
_hHF5415.525 .M84 2013 c. 1
_kKTC/The
999 _c16249
_d16249